Les 10 célébrités de l'Égypte Antique les plus influentes - Statistiques

Statistiques générales
  • Ce quiz a été pris 228 fois
  • Le résultat moyen est 6 sur 10
Statistiques - réponses
Position Description Réponse % Correct
1 La mort tragique de cette femme, successivement compagne de Jules César et Marc Antoine, marquera la fin de l'Égypte Antique. Cléopâtre VII
98%
5 Ce pharaon, aussi appelé Ozymandias, est surnommé le "pharaon bâtisseur". Durant son règne de 70 ans, lorsqu'il ne conquérait pas de nouveaux territoires, il faisait bâtir de nombreuses statues et temples, notamment ceux d'Abou Simbel. Ramsès II
89%
2 Ce onzième pharaon de la XVIIIème dynastie doit sa célébrité à la découverte de sa sépulture par Howard Carter, à la fortune que cette dernière recelait ainsi qu'au mythe de la malédiction du pharaon et de la momie. Toutânkhamon
83%
3 Cette reine d'Égypte présentait une beauté légendaire et a exercé un pouvoir politique et religieux au point d'occulter son royal époux. Néfertiti
79%
4 Époux du personnage précédent, ce pharaon est connu pour avoir voulu imposer le règne exclusif du dieu Ré - Aton, cette décision accompagnée d'autres erreurs sonnant le glas de l'apogée de la civilisation égyptienne, la XVIIIème dynastie. Akhenaton
68%
10 Ce général macédonien d'Alexandre le Grand, devenu roi d'Égypte, donnera son nom à la dernière dynastie de cette nation. C'est l'un des plus grands souverains du début de l'époque hellénistique selon les historiens. Ptolémée Ier
54%
6 "Première grande femme dont l'Histoire ait gardé le nom", cette reine d'Égypte est devenue pharaon, cinquième souveraine de la XVIIIème dynastie. Hatchepsout
36%
8 Cet architecte, médecin, philosophe et savant égyptien est le concepteur de la plus ancienne pyramide du monde. Imhotep
28%
9 Beau-fils du personnage n°6, ce pharaon verra sous ses 53 ans de règne le plus vaste empire que l'Égypte ait jamais connu, grâce à ses nombreuses victoires militaires. Thoutmôsis III
16%
7 Père du personnage n°4, ce pharaon voit son règne de 38 ans être le plus prospère de l'Égypte Antique, tant sur le plan artistique qu'économique. Amenhotep III
14%
Aucun quiz correspondant
Distribution des résultats
% des personnes avec chaque résultat
Percentile par nombre de réponses
Votre historique - résultats
Vous n’avez pas pris ce quiz